Southville International School and Colleges
Your cart is empty.
  • Cart
  • Lists
    Public lists Eva Luna New books Lux_list list_1
    Your lists Log in to create your own lists
  • Log in to your account
  • Your cookies
  • Search history
Southville International School and Colleges
  • Advanced search
  • Recent comments
  • Most popular
  • Libraries

Log in to your account

Log in with GOOGLE


If you do not have an external account, but do have a local account, you can still log in:

  1. Home
  2. MARC view: Strategic management : concepts and cases :
Normal view MARC view ISBD view

Strategic management : concepts and cases : (Record no. 276711)

[ view plain ]
MARC details
000 -LEADER
fixed length control field 00652nam a22001937a 4500
005 - DATE AND TIME OF LATEST TRANSACTION
control field 20141106115705.0
008 - FIXED-LENGTH DATA ELEMENTS--GENERAL INFORMATION
fixed length control field 141106b xxu||||| |||| 00| 0 eng d
020 ## - INTERNATIONAL STANDARD BOOK NUMBER
International Standard Book Number 9789814604840
050 ## - LIBRARY OF CONGRESS CALL NUMBER
Classification number HD 30.28
Item number .D39 2014
100 ## - MAIN ENTRY--PERSONAL NAME
Personal name David, Fred R.
245 ## - TITLE STATEMENT
Title Strategic management : concepts and cases :
Remainder of title a competitive advantage approach /
Statement of responsibility, etc Fred R. David.
250 ## - EDITION STATEMENT
Edition statement 14th ed.,
Remainder of edition statement Global ed.
260 ## - PUBLICATION, DISTRIBUTION, ETC. (IMPRINT)
Place of publication, distribution, etc Boston :
Name of publisher, distributor, etc Pearson,
Date of publication, distribution, etc c2014.
300 ## - PHYSICAL DESCRIPTION
Extent 267 pages :
Other physical details illustrations (some colors) ;
Dimensions 28 cm.
521 ## - TARGET AUDIENCE NOTE
Target audience note Business Administration
650 ## - SUBJECT ADDED ENTRY--TOPICAL TERM
Topical term or geographic name as entry element Strategic planning.
650 ## - SUBJECT ADDED ENTRY--TOPICAL TERM
Topical term or geographic name as entry element Strategic planning
General subdivision Case studies.
942 ## - ADDED ENTRY ELEMENTS (KOHA)
Source of classification or shelving scheme Library of Congress Classification
Koha item type Books
Call number prefix Foreign
Holdings
Withdrawn status Lost status Source of classification or shelving scheme Damaged status Home library Current library Shelving location Date acquired Source of acquisition Sub Shelving location Total Checkouts Total Renewals Full call number Barcode Date last seen Date checked out Price effective from Koha item type
    Library of Congress Classification   College Library College Library Reserve Section 11/06/2014 Library Fund   5 25 HD 30.28 .D39 2014 C18831 05/15/2018 03/13/2018 11/06/2014 Books

Strategic management : concepts and cases :

APA

David F. R., . (2014). Strategic management : concepts and cases. Boston: Pearson.

Chicago

David Fred R, . 2014. Strategic management : concepts and cases. Boston: Pearson.

Harvard

David F. R., . (2014). Strategic management : concepts and cases. Boston: Pearson.

MLA

David Fred R, . Strategic management : concepts and cases. Boston: Pearson. 2014.

  • Place hold
  • Print
  • Cite
  • Add to your cart (remove)
  • Save record
    BIBTEX Dublin Core MARCXML MARC (non-Unicode/MARC-8) MARC (Unicode/UTF-8) MARC (Unicode/UTF-8, Standard) MODS (XML) RIS
  • More searches
    Search for this title in:
    Other Libraries (WorldCat) Other Databases (Google Scholar) Online Stores (Bookfinder.com) Open Library (openlibrary.org)

Exporting to Dublin Core...

SOUTHVILLE LIBRARY

Southville International School and Colleges Library

1281 Tropical Ave. Cor. Luxembourg St., BF Homes International, Las Pinas City

Tel. No. 8256374 / 252358 Loc. 117/146

Powered by Koha